Normal view
MARC view
- ديوان الخدمة المدنية
Entry Personal Name
001 - CONTROL NUMBER
- control field: 63468
003 - CONTROL NUMBER IDENTIFIER
- control field: JO-AjAnu
005 - DATE AND TIME OF LATEST TRANSACTION
- control field: 20230606084347.0
008 - FIXED-LENGTH DATA ELEMENTS
- fixed length control field: 230606|| aca||aabn | a|a d
040 ## - CATALOGING SOURCE
- Original cataloging agency: JO-AjAnu
- Transcribing agency: JO-AjAnu
100 ## - HEADING--PERSONAL NAME
- Personal name: ديوان الخدمة المدنية
670 ## - SOURCE DATA FOUND
- Source citation: Work cat.: (JO-AjAnu)32359: ديوان الخدمة المدنية, author, المملكة الاردنية الهاشمية نظام الخدمة المدنية رقم(9) لسنة(2020) وتعديلاته حتى تاريخ 5/1/2022